01045nam a2200265 i 4500001001000000003000900010005001700019007000300036008004100039040003000080082002400110100003400134245013600168264003900304300002600343336002800369337003300397338002800430500007300458500007000531600006300601650002200664650002700686700006600713000044194DO-SdBNP20240530073922.0ta140609s2010 dr 000 f spa d aDO-SdBNPbspacBNPHUerda 4aRD863.44bF363c2221 aFernández Valledor, Roberto10aComentarios críticos a la novela el ángel plácido de Manuel Mora Serrano /cRoberto Fernández Valledor, Giovanni Di Pietro. aSanto Domingo :bAmidverza,c2010. a31 páginas c23 cm. 2rdacontent atextobtxt 2rdamediaasin mediaciónbn 2rdacarrieravolumenbnc aIncluye referencias bibliográficas y notas al pie de las páginas aIncluye datos biográficos de los autores en la contracubierta 14aMora Serrano, Manuel,d1933-xCrítica e interpretación 0aNovela dominicana 0aLiteratura dominicana.1 a Herrera R., Rafael Darío,d1955-q (Herrera Rodríguez),